Statistics for Top 50 Countries by Area

Click here to take the quiz!

General Stats

  • This quiz has been taken 3,087 times
  • The average score is 39 of 50

Answer Stats

RankAreaAnswer% Correct
#117,075,200Russia
100%
#29,984,670Canada
99%
#49,596,961China
99%
#39,826,630United States
99%
#67,741,220Australia
98%
#58,514,877Brazil
98%
#73,287,263India
96%
#82,780,400Argentina
95%
#131,964,375Mexico
94%
#241,219,090South Africa
90%
#41643,801France
89%
#102,381,741Algeria
88%
#112,344,858Democratic Republic of Congo
88%
#141,904,569Indonesia
88%
#171,648,195Iran
88%
#181,564,116Mongolia
88%
#291,001,450Egypt
87%
#122,149,690Saudi Arabia
87%
#92,724,900Kazakhstan
85%
#211,267,000Niger
85%
#44603,550Ukraine
84%
#251,138,910Colombia
83%
#35796,095Pakistan
83%
#151,861,484Sudan
83%
#36783,562Turkey
83%
#37756,102Chile
81%
#161,759,540Libya
81%
#191,285,216Peru
81%
#31923,768Nigeria
80%
#201,284,000Chad
78%
#50505,370Spain
77%
#261,104,300Ethiopia
75%
#32912,050Venezuela
75%
#231,240,192Mali
73%
#40652,230Afghanistan
70%
#221,246,700Angola
70%
#271,098,581Bolivia
70%
#33824,292Namibia
66%
#30947,300Tanzania
66%
#49513,120Thailand
66%
#47580,367Kenya
65%
#34799,380Mozambique
62%
#281,030,700Mauritania
61%
#45587,041Madagascar
60%
#42637,657Somalia
60%
#38752,618Zambia
56%
#46581,730Botswana
55%
#39676,578Myanmar
55%
#43622,984Central African Republic
53%
#48527,968Yemen
39%

Score Distribution

Percentile by Number Answered

Percent of People with Each Score

Your Score History

You have not taken this quiz